Proximity to Power and Jewish Sectarian Groups of the Ancient Period : A Review of Lifestyle, Values, and Halakha in the Pharisees, Sadducees, Essenes, and Qumran /
This book deals with the values, lifestyle and code of law of four Jewish sectarian groups in the Hellenistic and Roman (Second Temple) period, in the land of Israel. It reviews the groups according to their proximity to power, highlighting the fact that political involvement has a decisive impact o...
المؤلف الرئيسي:
التنسيق: كتاب الكتروني
اللغة: English
منشور في:
Leiden; Boston :
BRILL,
2006.
سلاسل:
Brill Book Archive Part 1, ISBN: 9789004472495.
The Brill Reference Library of Judaism ;
25.
الموضوعات:
الوصول للمادة أونلاين: Login to view Source
الوسوم: إضافة وسم
رقم الطلب: DS121.7
| LEADER | 03041nam a22005051i 4500 | ||
|---|---|---|---|
| 001 | BRILL9789047408352 | ||
| 003 | nllekb | ||
| 005 | 20220208174604.0 | ||
| 006 | m d | ||
| 007 | cr un uuuua | ||
| 008 | 210731s2006 ne sb 001 0 eng d | ||
| 010 | |z 2006049124 | ||
| 020 | |a 9789047408352 |q (electronic book) | ||
| 020 | |a 9789004146990 |q (print) | ||
| 024 | 7 | |a 10.1163/9789047408352 |2 DOI | |
| 035 | |a (OCoLC)235929636 | ||
| 040 | |a NL-LeKB |c NL-LeKB |e rda | ||
| 050 | 4 | |a DS121.7 | |
| 072 | 7 | |a HRJ |2 bicssc | |
| 072 | 7 | |a REL |x 040000 |2 bisacsh | |
| 082 | 0 | 4 | |a 933/.04 |2 23 |
| 100 | 1 | |a Newman, Hillel, |e author. | |
| 245 | 1 | 0 | |a Proximity to Power and Jewish Sectarian Groups of the Ancient Period : |b A Review of Lifestyle, Values, and Halakha in the Pharisees, Sadducees, Essenes, and Qumran / |c Hillel Newman. |
| 246 | 3 | |a A Review of Lifestyle, Values, and Halakha in the Pharisees, Sadducees, Essenes, and Qumran | |
| 264 | 1 | |a Leiden; |a Boston : |b BRILL, |c 2006. | |
| 300 | |a 1 online resource. | ||
| 336 | |a text |b txt |2 rdacontent | ||
| 337 | |a computer |b c |2 rdamedia | ||
| 338 | |a online resource |2 rdacarrier | ||
| 490 | 1 | |a Brill Book Archive Part 1, ISBN: 9789004472495 | |
| 490 | 1 | |a The Brill Reference Library of Judaism ; |v 25 | |
| 504 | |a Includes bibliographical references and index. | ||
| 520 | |a This book deals with the values, lifestyle and code of law of four Jewish sectarian groups in the Hellenistic and Roman (Second Temple) period, in the land of Israel. It reviews the groups according to their proximity to power, highlighting the fact that political involvement has a decisive impact on the life and development of these social groups. The groups under review, the Pharisees, Sadducees, Essenes and Qumran, receive a new historical description, from the viewpoint of their proximity to power. The issue of what determines the course of a social group, whether normative or sectarian, is discussed, and the traditional terminology is re-examined. Original terminology is established. The first part of the book deals with the question of terminology, the available sources and the presentation of the different groups. | ||
| 588 | |a Description based on print version record. | ||
| 650 | 0 | |a Jews |x History |y 168 B.C.-135 A.D. | |
| 650 | 0 | |a Jews |x Politics and government |y To 70 A.D. | |
| 650 | 0 | |a Jews |x Social conditions. | |
| 650 | 0 | |a Power (Social sciences) |z Palestine |x History |y To 1500. | |
| 776 | 0 | 8 | |i Print version: |t Proximity to Power and Jewish Sectarian Groups of the Ancient Period : A Review of Lifestyle, Values, and Halakha in the Pharisees, Sadducees, Essenes, and Qumran. |d Leiden ; Boston : BRILL, 2006 |z 9789004146990 |w (OCoLC)70673317 |
| 830 | 0 | |a Brill Book Archive Part 1, ISBN: 9789004472495. | |
| 830 | 0 | |a The Brill Reference Library of Judaism ; |v 25. | |
| 856 | 4 | |z DOI: |u http://dx.doi.org/10.1163/9789047408352 | |
| 942 | |2 lcc |c EBOOK | ||
| 952 | |0 0 |1 0 |2 lcc |4 0 |7 1 |9 33000 |a BRILL |b BRILL |d 2022-02-08 |l 0 |r 2022-02-08 00:00:00 |w 2022-02-08 |y EBOOK | ||
| 999 | |c 41430 |d 41430 | ||
